| 000 | 00730cam a2200265 4500500 | ||
|---|---|---|---|
| 005 | 20260405003819.0 | ||
| 041 | _afre | ||
| 042 | _adc | ||
| 100 | 1 | 0 |
_aTerraz, Pierre _eauthor |
| 245 | 0 | 0 | _aIsraël-Palestine : une guerre sans fin ? |
| 260 | _c2024. | ||
| 500 | _a77 | ||
| 690 | _aArmée | ||
| 690 | _aGuerre | ||
| 690 | _aIsraël | ||
| 690 | _aOccupation | ||
| 690 | _aPaix | ||
| 690 | _aPalestine | ||
| 690 | _aPierre Terraz | ||
| 690 | _aReportage | ||
| 690 | _aTerrorisme | ||
| 690 | _aVictimisation | ||
| 786 | 0 | _nPhilosophie magazine | 176 | 1-2 | 2024-02-01 | p. 12-16 | 1951-1787 | |
| 856 | 4 | 1 | _uhttps://shs.cairn.info/magazine-philosophie-magazine-2024-2-page-12?lang=fr&redirect-ssocas=7080 |
| 999 |
_c2071066 _d2071066 |
||